Stavitel

Bibliographic Details
Format: Journal
Language:Czech
PhysicalDescription:zv. 30 cm
Published: Praha Economia 1993-
Praha Business Media
Praha Business Media One
ISSN:1210-4825
Subjects:
Online Access:http://stavitel.ihned.cz/

MARC

LEADER 00000cas a2200000 a 4500
001 vtls008880282
003 SK-MaSNL
005 20260228162252.0
008 990528c19939999xr mr p r 0 0 b0cze c
022 |a 1210-4825 
035 |a (SVKBB03)vtls000031136 
040 |a SVKBB  |b slo  |c SVKBB  |d SNK  |e AACR2 
041 0 |a cze 
072 7 |a 69  |x Stavebníctvo  |2 konspekt 
080 |a 69  |2 2011 
080 |a 050  |2 2011 
080 |a (051)-027.561  |2 2011 
210 0 |a Stavitel  |b (Praha) 
222 0 |a Stavitel  |b Praha 
245 0 0 |a Stavitel 
260 |a Praha  |b Economia  |c 1993- 
260 2 |3 2/2014-2018  |a Praha  |b Business Media 
260 3 |3 2019-  |a Praha  |b Business Media One 
300 |a zv.  |c 30 cm 
310 |a 1x mesačne 
362 0 |a Roč. 1, č. 1 (1993)- 
500 |a Podnázov od r. 2006: měsíčník vydavatelství Economia ; od r. 2010: příprava staveb - technologie - materiály - TZB - vady a poruchy - zajímavá stavba - stroje - ekonomika 
650 0 7 |a staviteľstvo  |2 SNKPH  |9 724 
650 0 7 |a stavebníctvo  |2 SNKPH  |9 726 
655 7 |a odborné časopisy  |2 SNKPH  |9 70505 
852 |a Štátna vedecká knižnica v Banskej Bystrici 
856 4 1 |u http://stavitel.ihned.cz/ 
910 |a snk 
999 |c 7356  |d 9286 
952 |0 0  |1 0  |4 0  |7 0  |8 3  |a SNK  |b SNK  |d 1998-12-04  |i snkK 2309/77  |l 0  |o snkČB 4118/1/1919-1920  |p 17A0172966  |r 2005-01-02 00:00:00  |t č. 1-12  |w 2026-02-21  |y PREZ 
952 |0 0  |1 1  |4 0  |7 0  |a SNK  |b SNK  |d 1998-12-04  |l 0  |o snkČB 4118/2/1920-1921  |p 17A0172786  |r 2005-01-02 00:00:00  |t č. 1-12  |w 2026-02-21  |y PREZ 
952 |0 0  |1 1  |4 0  |7 0  |a SNK  |b SNK  |d 1998-12-04  |l 0  |o snkČB 4118/3/1921-1922  |p 17A0172787  |r 2005-01-02 00:00:00  |t č. 1-12  |w 2026-02-21  |y PREZ 
952 |0 0  |1 1  |4 0  |7 0  |a SNK  |b SNK  |d 1998-12-04  |l 0  |o snkČB 4118/4/1922-1923  |p 17A0173553  |r 2005-01-02 00:00:00  |t č. 1-12  |w 2026-02-21  |y PREZ 
952 |0 0  |1 0  |4 0  |7 0  |8 3  |a SNK  |b SNK  |d 1998-12-04  |i snkK 2313/77  |l 0  |o snkČB 4118/5/1924  |p 17A0172617  |r 2005-01-02 00:00:00  |t č. 1-12  |w 2026-02-21  |y PREZ